000 01034cam a22002892 4500
001 0000005011
005 20151217151949.0
008 070605s xx 000 0 eng d
020 _a0070390614 :
_cKES 3,205
040 _aKABU
_cKABU
050 0 _aT58.6
_b.L815 1997
100 1 _aLucas, Henry C.
_@0000156065
245 1 0 _aInformation technology for management /
_cHenry C. Lucas, Jr.
250 _a6th ed.
260 _aBoston :
_bIrwin/McGraw-Hill,
_cc1997.
300 _axix, 714 p.
650 0 _aManagement information systems.
_@0000148209
650 0 _aInformation technology
_xManagement.
_@0000150506
908 _a070605
950 _@1
999 _c6792
_d6792